| 000 | 00659nam a2200253 a 4500 | ||
|---|---|---|---|
| 001 | 35895 | ||
| 003 | AR-BaAGN | ||
| 005 | 20231223063222.0 | ||
| 007 | ta | ||
| 008 | 220625s2008 ag |||||r|||| ||||||spa d | ||
| 020 | _a978-987-02-3337-4 | ||
| 040 |
_dAR-BaAGN _aAR-BaAGN _bspa _eaacr |
||
| 100 | 1 | _aOrtiz, Frutos enrique | |
| 245 | 1 | 0 |
_aCuando Brandsen era frontera : _blas cartas del zanjón |
| 250 | _a1ª ed. | ||
| 260 |
_aBuenos Aires : _bDunken, _c2008. |
||
| 300 | _a264 páginas | ||
| 336 |
_2rdacontent _btxt |
||
| 337 |
_2rdamedia _bn |
||
| 338 |
_2rdacarrier _bnc |
||
| 650 | 4 |
_aHISTORIA ARGENTINA _92450 |
|
| 942 | _cLIBRO | ||
| 999 |
_c35895 _d35895 |
||